Kuby Immunology (Record no. 8159)

MARC details
000 -LEADER
fixed length control field 00545nam a22002057a 4500
003 - CONTROL NUMBER IDENTIFIER
control field OSt
005 - DATE AND TIME OF LATEST TRANSACTION
control field 20230928111459.0
008 - FIXED-LENGTH DATA ELEMENTS--GENERAL INFORMATION
fixed length control field 230928b |||||||| |||| 00| 0 eng d
020 ## - INTERNATIONAL STANDARD BOOK NUMBER
International Standard Book Number 9781319114701
040 ## - CATALOGING SOURCE
Language of cataloging DNM
Transcribing agency DNM
082 ## - DEWEY DECIMAL CLASSIFICATION NUMBER
Classification number QW501 K95j 2019
100 ## - MAIN ENTRY--PERSONAL NAME
Relator code Punt, Jenni; [et...al]
245 ## - TITLE STATEMENT
Title Kuby Immunology
250 ## - EDITION STATEMENT
Edition statement 8th ed.
260 ## - PUBLICATION, DISTRIBUTION, ETC. (IMPRINT)
Place of publication, distribution, etc. New York; macmillan, 2019
300 ## - PHYSICAL DESCRIPTION
Extent xxviii,805p;
Other physical details Col.ill:
Dimensions 28cm
500 ## - GENERAL NOTE
General note Appendices, answers, glossary, & index included
650 ## - SUBJECT ADDED ENTRY--TOPICAL TERM
Topical term or geographic name as entry element Immunology
9 (RLIN) 1416
942 ## - ADDED ENTRY ELEMENTS (KOHA)
Source of classification or shelving scheme Other/Generic Classification Scheme
Koha item type Open Shelf
Holdings
Withdrawn status Lost status Source of classification or shelving scheme Damaged status Not for loan Home library Current library Date acquired Source of acquisition Inventory number Total Checkouts Full call number Barcode Date last seen Koha item type
    Other/Generic Classification Scheme     MUST Main Library MUST Main Library 28/09/2023 Purchase 23/42184   QW501 K95j 2019 2023-0523 28/09/2023 Open Shelf